| 000 | 00000nam##2200000za#4500 |
| 001 | 9.696480 |
| 003 | CaOODSP |
| 005 | 20210927150506 |
| 007 | cr ||||||||||| |
| 008 | 150407|1983||||xxc|||||o f|0| 0 eng|d |
| 040 | |aCaOODSP|beng |
| 043 | |an-cn--- |
| 086 | 1 |aR32-267/1983E-PDF |
| 110 | 1 |aCanada. |bIndian and Northern Affairs Canada. |
| 245 | 10|aMaritime Indian treaties in historical perspective / |h[electronic resource]|cby W.E. Daugherty; [issued by] Treaties and Historicial Research Centres. |
| 260 | |aOttawa - Ontario : |bIndian and Northern Affairs |c1983. |
| 300 | |a78p. |
| 504 | |aBibliography. |
| 590 | |a12-33-Supp|b2012-07-18 |
| 690 | 07|aAgreements|2gcpds |
| 720 | 1 |aDaugherty, W. E. |
| 775 | 08|tHistorique des traités avec les Indiens des Maritimes / |w(CaOODSP)9.640595 |
| 856 | 40|ahttp://publications.gc.ca|qPDF|s227 KB|uhttps://publications.gc.ca/collections/collection_2012/ainc-inac/R32-267-1983-eng.pdf |